| Tag |
First Indicator |
Second Indicator |
Subfields |
| LEADER |
00000cam a2200000 4500 |
| 001 |
in00000053826 |
| 005 |
20151008050903.0 |
| 008 |
760226m19499999sp 00000 spae |
| 010 |
|
|
|a 51036678
|
| 035 |
|
|
|a (OCoLC)02014382
|
| 035 |
|
|
|9 AAG4064AM
|
| 040 |
|
|
|a DLC
|c OBE
|d OCL
|d TXA
|d UtOrBLW
|
| 049 |
|
|
|a TXAM
|v 1 [451469]
|v 2 [451470]
|v 3 [451471]
|v 4 [451472]
|v 5 [451473]
|
| 050 |
|
0 |
|a DP161.5
|b .A53
|
| 092 |
|
|
|a 327.46
|b S733d
|
| 110 |
1 |
|
|a Spain.
|b Sovereigns(1479-1504 :Ferdinand V and Isabella I)
|
| 245 |
1 |
0 |
|a Documentos sobre relaciones internacionales de los Reyes Catolicos /
|c Ed. preparada por Antonio de la Torre.
|
| 264 |
|
1 |
|a Barcelona :
|b [Consejo Superior de Investigaciones Cientificas, Patronato Marcelino Menendez Pelayo],
|c 1949-
|
| 300 |
|
|
|a volumes :
|b facsimiles ;
|c 25cm.
|
| 336 |
|
|
|a text
|b txt
|2 rdacontent
|
| 337 |
|
|
|a unmediated
|b n
|2 rdamedia
|
| 338 |
|
|
|a volume
|b nc
|2 rdacarrier
|
| 490 |
1 |
|
|a Biblioteca "Reyes Catolicos." Documentos y textos,
|v no. 1-5
|
| 505 |
0 |
|
|a v.1. 1479-1483.--v.2. 1484-1487.--v.3. 1488-1491.--v.4. 1492-1494.--v.5. 1495-1497.--v.6. 1498-1504.
|
| 651 |
|
0 |
|a Spain
|x Foreign relations
|y 1479-1516.
|
| 700 |
1 |
|
|a Torre, Antonio de la.
|
| 830 |
|
0 |
|a Biblioteca "Reyes Catolicos."
|p Documentos y textos ;
|v no. 1-5.
|
| 999 |
|
|
|a MARS
|
| 999 |
f |
f |
|s 1d1c43d2-8198-3bf5-b0eb-676c46ff7299
|i b2c328b7-0f77-3ccd-8294-04e3b6914df0
|t 0
|
| 952 |
f |
f |
|p ric
|a Texas A&M University
|b Rellis Campus
|c Joint Library Facility
|d Remote Storage
|t 0
|e DP161.5 A53
|h Library of Congress classification
|i unmediated -- volume
|k v.5
|m A14800675399
|
| 952 |
f |
f |
|p ric
|a Texas A&M University
|b Rellis Campus
|c Joint Library Facility
|d Remote Storage
|t 0
|e DP161.5 A53
|h Library of Congress classification
|i unmediated -- volume
|k v.4
|m A14800675381
|
| 952 |
f |
f |
|p ric
|a Texas A&M University
|b Rellis Campus
|c Joint Library Facility
|d Remote Storage
|t 0
|e DP161.5 A53
|h Library of Congress classification
|i unmediated -- volume
|k v.1
|m A14800675357
|
| 952 |
f |
f |
|p ric
|a Texas A&M University
|b Rellis Campus
|c Joint Library Facility
|d Remote Storage
|t 0
|e DP161.5 A53
|h Library of Congress classification
|i unmediated -- volume
|k v.2
|m A14800675365
|
| 952 |
f |
f |
|p ric
|a Texas A&M University
|b Rellis Campus
|c Joint Library Facility
|d Remote Storage
|t 0
|e DP161.5 A53
|h Library of Congress classification
|i unmediated -- volume
|k v.3
|m A14800675373
|
| 998 |
f |
f |
|a DP161.5 A53
|s v.1-v.5
|t 0
|l Remote Storage
|